[Event "Memorial Gashimov 2022 - Rapid"]
[Site "Baku"]
[Date "19.12.2022"]
[Round "R6"]
[White "Mamedov, Rauf"]
[Black "Suleymanli, Aydin"]
[Result "1/2-1/2"]
[WhiteElo "2646"]
[BlackElo "2543"]
[PlyCount "157"]
[EventDate "2022.??.??"]

1. e4 e5 2. Nf3 Nc6 3. Bb5 a6 4. Ba4 Nf6 5. Nc3 Bc5 6. d3 O-O 7. O-O b5 8. Bb3
Rb8 9. a4 b4 10. Nd5 h6 11. h3 d6 12. c3 Na5 13. Bc2 b3 14. Bb1 Nxd5 15. exd5
Bf5 16. d4 Bxb1 17. Rxb1 exd4 18. cxd4 Bb4 19. Qd3 Rb6 20. Be3 f5 21. Rbc1 Rf7
22. Bd2 Qe8 23. Rfe1 Qa8 24. Bxb4 Rxb4 25. Qc3 Rxa4 26. Ra1 Rxa1 27. Rxa1 Nb7
28. Qxb3 Qc8 29. Qa4 a5 30. Re1 Qd7 31. b3 g5 32. Nd2 Kg7 33. Nc4 f4 34. Qc6
Nd8 35. Qxd7 Rxd7 36. Nxa5 Kf8 37. Kf1 Rf7 38. Nc6 Nxc6 39. dxc6 Rf6 40. b4 Rf5
41. Re6 Rd5 42. Rxh6 Rxd4 43. Rh7 Rxb4 44. Rxc7 Rc4 45. Ke2 Rc3 46. Kd2 Rc5 47.
Kd3 Ke8 48. Rg7 Kf8 49. Rg6 Ke7 50. c7 Kd7 51. Rg7+ Kc8 52. Ke4 Re5+ 53. Kd4
Re2 54. Rxg5 Rxf2 55. Rg7 f3 56. gxf3 Rxf3 57. Rh7 Rf5 58. h4 Re5 59. h5 Kb7
60. h6 Rh5 61. Ke4 d5+ 62. Kd4 Rh1 63. Kxd5 Kc8 64. Ke6 Rh2 65. Kf6 Rh1 66. Kg6
Rg1+ 67. Kf7 Rh1 68. Kg8 Rh2 69. Rh8 Kxc7 70. h7 Kb7 71. Kg7 Rg2+ 72. Kf6 Rf2+
73. Ke5 Re2+ 74. Kf4 Rh2 75. Kg5 Rh1 76. Rf8 Rxh7 77. Kg6 Rc7 78. Rf7 Rxf7 79.
Kxf7 1/2-1/2

[Event "Memorial Gashimov 2022 - Rapid"]
[Site "Baku"]
[Date "19.12.2022"]
[Round "R6"]
[White "Mamedyarov, Shakhriyar"]
[Black "Vallejo Pons, Francisco"]
[Result "1/2-1/2"]
[WhiteElo "2740"]
[BlackElo "2716"]
[PlyCount "107"]
[EventDate "2022.??.??"]

1. d4 e6 2. c4 d5 3. Nf3 dxc4 4. Qa4+ Nd7 5. e4 a6 6. Bxc4 c5 7. Be3 cxd4 8.
Bxd4 Ne7 9. Ne5 Ng6 10. Nxg6 hxg6 11. Nc3 Rb8 12. Be2 b5 13. Qd1 Bb7 14. Bf3
Rc8 15. h3 Qg5 16. Be3 Qe5 17. Qd2 Be7 18. Bd4 Bg5 19. Qd1 Qc7 20. Bxg7 Rh7 21.
Bd4 Rd8 22. Qe2 Ne5 23. Rd1 Bf6 24. Bxe5 Rxd1+ 25. Nxd1 Bxe5 26. O-O Ke7 27.
Ne3 Rh8 28. Ng4 Bd4 29. e5 Bxf3 30. Qxf3 Bxe5 31. Qa3+ Bd6 32. Qxa6 Rb8 33. Rd1
Qb6 34. Qxb6 Rxb6 35. Ne3 Be5 36. b3 Ra6 37. Rd2 Bc3 38. Rc2 Bd4 39. Kf1 f5 40.
Ke2 Kf6 41. f4 g5 42. fxg5+ Kxg5 43. g3 Ra8 44. Kf3 Bxe3 45. Kxe3 Rh8 46. Rh2
Rc8 47. Kd4 Kf6 48. a4 e5+ 49. Kd5 bxa4 50. bxa4 Rc3 51. g4 Ra3 52. g5+ Kxg5
53. Kxe5 Rxa4 54. Rg2+ 1/2-1/2

[Event "Memorial Gashimov 2022 - Rapid"]
[Site "Baku"]
[Date "20.12.2022"]
[Round "R7"]
[White "Suleymanli, Aydin"]
[Black "Mamedyarov, Shakhriyar"]
[Result "1-0"]
[WhiteElo "2543"]
[BlackElo "2740"]
[PlyCount "93"]
[EventDate "2022.??.??"]

1. c4 e5 2. Nf3 e4 3. Nd4 d5 4. cxd5 Qxd5 5. e3 Nf6 6. Nc3 Qe5 7. d3 c6 8. Qc2
exd3 9. Bxd3 Bc5 10. O-O O-O 11. Ne4 Nxe4 12. Bxe4 h6 13. b3 Re8 14. Bh7+ Kh8
15. Bb2 Qh5 16. Nf5 Bf8 17. Rad1 Nd7 18. Nd6 Bxd6 19. Rxd6 Ne5 20. Be4 f5 21.
Bxe5 fxe4 22. Bb2 Kh7 23. Qc3 Qg5 24. f4 Qe7 25. f5 Qf7 26. Qd4 b6 27. Rf4 c5
28. Qc3 Rg8 29. Qe5 Bb7 30. Rg4 Rae8 31. Re6 Rxe6 32. fxe6 Qf6 33. Qxf6 gxf6
34. e7 Bc6 35. Rf4 Rg7 36. Rxf6 Be8 37. Re6 Rg8 38. g3 Bg6 39. Kf2 Re8 40. g4
b5 41. h4 a5 42. Kg3 c4 43. bxc4 Bf7 44. Rxe4 Bxc4 45. a3 Kg6 46. Bd4 Bd3 47.
Rf4 1-0

[Event "Memorial Gashimov 2022 - Rapid"]
[Site "Baku"]
[Date "20.12.2022"]
[Round "R7"]
[White "Vallejo Pons, Francisco"]
[Black "Gadimbayli, Abdulla"]
[Result "1/2-1/2"]
[WhiteElo "2716"]
[BlackElo "2524"]
[PlyCount "102"]
[EventDate "2022.??.??"]

1. e4 e6 2. d4 d5 3. Nc3 Nf6 4. Bg5 dxe4 5. Nxe4 Be7 6. Bxf6 gxf6 7. Qd2 c5 8.
Nxc5 Bxc5 9. dxc5 Qxd2+ 10. Kxd2 Ke7 11. Nf3 Rd8+ 12. Kc3 Rd5 13. b3 Rxc5+ 14.
Kb2 b6 15. Rd1 Bb7 16. Be2 Nc6 17. Rhe1 Rc8 18. c4 Ne5 19. Nxe5 fxe5 20. b4
R5c7 21. g3 Ba6 22. b5 Bb7 23. Kb3 h6 24. Rd2 Rc5 25. Red1 R8c7 26. f3 e4 27.
f4 f5 28. a4 a5 29. Rd4 Ba8 30. Kc3 Bd5 31. Kb3 Ba8 32. h3 Bb7 33. g4 Ba8 34.
Kc3 Bb7 35. Kd2 e5 36. fxe5 f4 37. Rd6 e3+ 38. Ke1 f3 39. Rxb6 fxe2 40. Rd4 Bg2
41. Kxe2 Rxc4 42. Kxe3 Bxh3 43. Rxh6 Rxd4 44. Kxd4 Bxg4 45. Ra6 Be6 46. Rxa5
Rc4+ 47. Kd3 Bd5 48. b6 Ke6 49. Rb5 Rxa4 50. b7 Bxb7 51. Rxb7 Kxe5 1/2-1/2

[Event "Memorial Gashimov 2022 - Rapid"]
[Site "Baku"]
[Date "20.12.2022"]
[Round "R7"]
[White "Abdusattorov, Nodirbek"]
[Black "Mamedov, Rauf"]
[Result "1-0"]
[WhiteElo "2713"]
[BlackElo "2646"]
[PlyCount "151"]
[EventDate "2022.??.??"]

1. d4 Nf6 2. c4 g6 3. g3 Bg7 4. Bg2 O-O 5. Nc3 d6 6. Nf3 Nc6 7. d5 Na5 8. b3 c5
9. Bb2 a6 10. O-O Rb8 11. a4 e6 12. dxe6 Bxe6 13. Ra2 b5 14. axb5 axb5 15. Nd5
bxc4 16. Bxf6 Bxf6 17. Nxf6+ Qxf6 18. Rxa5 cxb3 19. Nd2 Qc3 20. Ra4 c4 21. Ne4
Qe5 22. f4 Qg7 23. Ng5 c3 24. Nxe6 fxe6 25. Qxd6 c2 26. Be4 Rbc8 27. Qxe6+ Kh8
28. Rc4 Rce8 29. Qc6 Qa7+ 30. Kg2 Rc8 31. Qd5 Qg7 32. Qe6 Rce8 33. Qc6 Qb2 34.
Bd3 Rc8 35. Qxc8 Rxc8 36. Rxc8+ Kg7 37. Rc7+ Kf6 38. Bc4 g5 39. fxg5+ Ke5 40.
Bd3 Kd6 41. Rc4 Qe5 42. Rf6+ Ke7 43. Rfc6 Kd7 44. R6c5 Qe3 45. Rc3 Qd2 46. Kf3
Qe1 47. Bxc2 Qf1+ 48. Ke3 Qg1+ 49. Kd2 bxc2 50. Kxc2 Qxh2 51. Re5 Qh1 52. Rd3+
Kc6 53. Kd2 Qa1 54. Re6+ Kc5 55. Ke3 Qc1+ 56. Ke4 Qf1 57. Re5+ Kc6 58. Ke3 Kb6
59. Rd6+ Kc7 60. Rf6 Qg1+ 61. Kf3 Kd7 62. Rh6 Qb1 63. Kg4 Qb4+ 64. e4 Qe1 65.
Rxh7+ Kd6 66. Rd5+ Ke6 67. Rh6+ Ke7 68. Re5+ Kd7 69. Kf5 Qxg3 70. Rhe6 Qh4 71.
Kg6 Qh8 72. Re8 Qh2 73. Kg7 Qb2 74. g6 Qh2 75. Kg8 Qa2+ 76. R8e6 1-0

[Event "Memorial Gashimov 2022 - Rapid"]
[Site "Baku"]
[Date "20.12.2022"]
[Round "R7"]
[White "Rapport, Richard"]
[Black "Shankland, Sam"]
[Result "1-0"]
[WhiteElo "2740"]
[BlackElo "2710"]
[PlyCount "123"]
[EventDate "2022.??.??"]

1. e4 c5 2. Nf3 d6 3. Bb5+ Bd7 4. Bxd7+ Nxd7 5. O-O Ngf6 6. Qe2 e6 7. b3 Be7 8.
Bb2 O-O 9. d4 d5 10. exd5 exd5 11. Nc3 Re8 12. dxc5 Rc8 13. Rad1 Rxc5 14. Qd3
Bf8 15. Rfe1 Rxe1+ 16. Rxe1 Qa5 17. a3 Rc8 18. h3 a6 19. b4 Qc7 20. Re2 Qc4 21.
Qd1 Nb6 22. Ne5 Qc7 23. Qd4 Nc4 24. Nxc4 Qxc4 25. Rd2 Qxd4 26. Rxd4 h6 27. Kf1
g6 28. g3 Bg7 29. Rd3 Ne4 30. Nxd5 Rxc2 31. Bxg7 Kxg7 32. f4 h5 33. g4 h4 34.
g5 Ra2 35. Re3 Ng3+ 36. Ke1 Nh5 37. Rf3 Rg2 38. Re3 Rh2 39. a4 Kf8 40. a5 Rc2
41. Re4 Rc6 42. f5 Rd6 43. Ne3 Ng3 44. Rxh4 gxf5 45. Kf2 Ne4+ 46. Ke2 Re6 47.
Kd3 Nd6 48. Nd5 Kg7 49. Rd4 Nb5 50. Rf4 Kg6 51. h4 Rd6 52. Kc4 Na3+ 53. Kc5
Rc6+ 54. Kd4 Nb5+ 55. Ke3 Re6+ 56. Kf2 Re5 57. Ne3 Nd6 58. Rd4 Re6 59. Nd5 Ne4+
60. Kf3 Kg7 61. Ne3 Nd6 62. Rxd6 1-0

[Event "Memorial Gashimov 2022 - Rapid"]
[Site "Baku"]
[Date "20.12.2022"]
[Round "R8"]
[White "Wang, Hao"]
[Black "Vallejo Pons, Francisco"]
[Result "0-1"]
[WhiteElo "2722"]
[BlackElo "2716"]
[PlyCount "56"]
[EventDate "2022.??.??"]

1. e4 e6 2. d4 d5 3. Nd2 dxe4 4. Nxe4 Nd7 5. Nf3 Ngf6 6. Bd3 Nxe4 7. Bxe4 Nf6
8. Bg5 Be7 9. Bxf6 Bxf6 10. Qe2 Qd6 11. O-O-O c5 12. g4 O-O 13. Kb1 g6 14. g5
Bg7 15. dxc5 Qxc5 16. h4 a5 17. Qe3 Qc7 18. Rd2 Ra6 19. Rhd1 b5 20. Nd4 b4 21.
f4 e5 22. Nb5 exf4 23. Nxc7 fxe3 24. Rd8 e2 25. Rxf8+ Kxf8 26. Rd8+ Ke7 27.
Re8+ Kd7 28. Bd3 Re6 0-1

[Event "Memorial Gashimov 2022 - Rapid"]
[Site "Baku"]
[Date "20.12.2022"]
[Round "R8"]
[White "Abdusattorov, Nodirbek"]
[Black "Rapport, Richard"]
[Result "1/2-1/2"]
[WhiteElo "2713"]
[BlackElo "2740"]
[PlyCount "114"]
[EventDate "2022.??.??"]

1. e4 e6 2. d4 d5 3. e5 c5 4. Nf3 cxd4 5. Bd3 Nd7 6. O-O Ne7 7. Re1 Nc6 8. Nbd2
g6 9. Nb3 Bg7 10. Bf4 f6 11. Bb5 fxe5 12. Bxc6 bxc6 13. Nxe5 O-O 14. Nxc6 Qf6
15. Bg3 Bb7 16. Ncxd4 e5 17. Na5 Ba6 18. Ndc6 d4 19. c3 Rae8 20. Nb4 Nc5 21.
Nb3 Na4 22. Nxd4 Nxb2 23. Qb3+ Bc4 24. Qxb2 exd4 25. cxd4 Qxd4 26. Qxd4 Bxd4
27. Rab1 Rxe1+ 28. Rxe1 Rc8 29. a3 Bb2 30. Bd6 Bxa3 31. Ra1 Be6 32. Kf1 Rc3 33.
Nd5 Rc1+ 34. Rxc1 Bxc1 35. Ne7+ Kf7 36. Nc6 Bd7 37. Nxa7 Ke6 38. Bc5 Kd5 39.
Bb6 Bf4 40. g3 Be5 41. Ke2 g5 42. f3 Bd4 43. Bxd4 Kxd4 44. g4 Kc5 45. Ke3 Kb6
46. Ke4 Kxa7 47. Ke5 Bc6 48. Kf5 Bxf3 49. Kxg5 Kb6 50. h4 Kc6 51. h5 Kd6 52.
Kh6 Be4 53. g5 Ke6 54. Kg7 Kf5 55. g6 Kg5 56. gxh7 Bxh7 57. Kxh7 Kxh5 1/2-1/2

[Event "Memorial Gashimov 2022 - Rapid"]
[Site "Baku"]
[Date "20.12.2022"]
[Round "R8"]
[White "Gadimbayli, Abdulla"]
[Black "Suleymanli, Aydin"]
[Result "1/2-1/2"]
[WhiteElo "2524"]
[BlackElo "2543"]
[PlyCount "47"]
[EventDate "2022.??.??"]

1. e4 e5 2. Nf3 Nc6 3. Bb5 Nf6 4. O-O Nxe4 5. Re1 Nd6 6. Nxe5 Be7 7. Bf1 Nxe5
8. Rxe5 O-O 9. d4 Bf6 10. Re1 Nf5 11. c3 d5 12. Nd2 Re8 13. Rxe8+ Qxe8 14. Nf3
Ne7 15. Bf4 c6 16. h3 Bf5 17. Bd3 Qc8 18. Qc2 Bxd3 19. Qxd3 Qf5 20. Qxf5 Nxf5
21. Re1 Ne7 22. Be5 Bxe5 23. Nxe5 Rd8 24. f3 1/2-1/2

[Event "Memorial Gashimov 2022 - Rapid"]
[Site "Baku"]
[Date "20.12.2022"]
[Round "R9"]
[White "Mamedyarov, Shakhriyar"]
[Black "Gadimbayli, Abdulla"]
[Result "1-0"]
[WhiteElo "2740"]
[BlackElo "2524"]
[PlyCount "81"]
[EventDate "2022.??.??"]

1. c4 Nf6 2. Nc3 e5 3. g3 Bc5 4. Bg2 c6 5. Nf3 e4 6. Nh4 d5 7. O-O O-O 8. cxd5
cxd5 9. d3 exd3 10. Qxd3 Be6 11. Bg5 Nc6 12. Rad1 d4 13. Bxc6 bxc6 14. Ne4 Be7
15. Qxd4 Qxd4 16. Rxd4 c5 17. Ra4 Bd7 18. Bxf6 Bxa4 19. Bxe7 Rfe8 20. Nc3 Rxe7
21. Nxa4 Rxe2 22. Rc1 g6 23. Kf1 Re4 24. Nxc5 Rc8 25. Nf3 a5 26. Nd3 Rxc1+ 27.
Nxc1 Rc4 28. Nd3 Rc2 29. Ke1 Kg7 30. Kd1 Rc8 31. b3 a4 32. bxa4 Rc3 33. Nfe1
Ra3 34. Nb4 Rxa4 35. Ned3 h5 36. h4 f6 37. Kc2 g5 38. Kb3 Ra8 39. a4 Kg6 40.
Nc6 f5 41. f4 1-0

[Event "Memorial Gashimov 2022 - Rapid"]
[Site "Baku"]
[Date "20.12.2022"]
[Round "R9"]
[White "Vallejo Pons, Francisco"]
[Black "Shankland, Sam"]
[Result "1-0"]
[WhiteElo "2716"]
[BlackElo "2710"]
[PlyCount "147"]
[EventDate "2022.??.??"]

1. e4 c5 2. Nc3 Nc6 3. Nf3 d6 4. d4 cxd4 5. Nxd4 Nf6 6. Bg5 e6 7. Qd2 a6 8.
O-O-O Bd7 9. f3 Nxd4 10. Qxd4 Be7 11. h4 Qc7 12. Kb1 b5 13. Qd2 b4 14. Ne2 a5
15. g4 a4 16. Qxb4 Rb8 17. Qc3 Qb7 18. Bc1 O-O 19. Nd4 Rfc8 20. Qd3 g6 21. h5
e5 22. Ne2 d5 23. hxg6 hxg6 24. exd5 Bb5 25. Qd2 Qc7 26. d6 Bxd6 27. Qxd6 Qxc2+
28. Ka1 Bxe2 29. Bxe2 Qxe2 30. Rd2 Qxf3 31. Rdh2 a3 32. Qxe5 Nh7 33. b3 Re8 34.
Qa5 Ra8 35. Qb4 Re4 36. Qd2 Qf6+ 37. Kb1 Rd4 38. Qc3 Rdd8 39. Qh3 Nf8 40. Bg5
Qe5 41. Qh8+ Qxh8 42. Rxh8+ Kg7 43. Bxd8 Rxd8 44. R1h7+ Kf6 45. g5+ Ke7 46. Rh1
Rd2 47. Re1+ Ne6 48. Ra8 Rb2+ 49. Ka1 Rg2 50. Rxa3 Kf8 51. Ra8+ Kg7 52. Rxe6
fxe6 53. Ra5 Kf7 54. a4 Ke7 55. Rb5 Kd6 56. a5 Kc6 57. Re5 Kd6 58. Rb5 Kc6 59.
Rb6+ Kc7 60. Rxe6 Rxg5 61. b4 Rb5 62. Re4 Kc6 63. Kb2 Rf5 64. Re6+ Kb5 65. Rb6+
Kc4 66. a6 Rf2+ 67. Kb1 Rf1+ 68. Kc2 g5 69. Kd2 g4 70. Ke2 Rf8 71. a7 Ra8 72.
Rb7 Kd5 73. b5 g3 74. Kf3 1-0

[Event "Memorial Gashimov 2022 - Rapid"]
[Site "Baku"]
[Date "20.12.2022"]
[Round "R9"]
[White "Rapport, Richard"]
[Black "Mamedov, Rauf"]
[Result "0-1"]
[WhiteElo "2740"]
[BlackElo "2646"]
[PlyCount "80"]
[EventDate "2022.??.??"]

1. e4 c5 2. Nf3 d6 3. Bb5+ Bd7 4. Bxd7+ Qxd7 5. O-O Nc6 6. c3 d5 7. exd5 Qxd5
8. d4 e6 9. Be3 cxd4 10. Nxd4 Nf6 11. Qa4 Qd7 12. Nxc6 Qxc6 13. Qxc6+ bxc6 14.
Nd2 Be7 15. Nc4 Nd5 16. Rad1 O-O 17. Bc1 f6 18. Rfe1 Kf7 19. Kf1 Rac8 20. Re4
g5 21. h4 h6 22. Rde1 e5 23. h5 Rfd8 24. Ne3 Nf4 25. g4 Bc5 26. Nf5 Nd3 27.
Nxh6+ Ke6 28. Nf5 Nxf2 29. Rc4 Bb6 30. Ke2 Nxg4 31. Ng7+ Kf7 32. Nf5 Nf2 33. b4
Nh3 34. Rh1 Ng1+ 35. Ke1 Rd3 36. Rxg1 Bxg1 37. Ke2 Rd7 38. b5 Ke6 39. bxc6 Rdc7
40. Ng3 Rxc6 0-1

[Event "Memorial Gashimov 2022 - Rapid"]
[Site "Baku"]
[Date "20.12.2022"]
[Round "R9"]
[White "Suleymanli, Aydin"]
[Black "Wang, Hao"]
[Result "1/2-1/2"]
[WhiteElo "2543"]
[BlackElo "2722"]
[PlyCount "77"]
[EventDate "2022.??.??"]

1. c4 e6 2. Nc3 d5 3. d4 Nf6 4. cxd5 exd5 5. Bg5 c6 6. e3 Be7 7. Bd3 O-O 8.
Nge2 h6 9. Bh4 Nh5 10. Bxe7 Qxe7 11. O-O Bg4 12. Qd2 Bxe2 13. Qxe2 g6 14. Rab1
a5 15. Rbe1 Nd7 16. e4 dxe4 17. Bxe4 Ndf6 18. Qd2 Qd6 19. Bf3 Qf4 20. Qxf4 Nxf4
21. Re7 Rfb8 22. g3 Ne6 23. d5 Kf8 24. d6 Nd4 25. Be4 Ne8 26. Rd1 Nxd6 27. Rd7
N4f5 28. Bxf5 Nxf5 29. Rc7 Rd8 30. Rxd8+ Rxd8 31. Rxb7 Rd2 32. Ne4 Re2 33. Nc3
Rc2 34. Ra7 Nd4 35. Kg2 Nb5 36. Nxb5 cxb5 37. Rxa5 Rxb2 38. a4 bxa4 39. Rxa4
1/2-1/2

[Event "Memorial Gashimov 2022 - Blitz"]
[Site "Baku"]
[Date "22.12.2022"]
[Round "B1"]
[White "Wang, Hao"]
[Black "Mamedyarov, Shakhriyar"]
[Result "0-1"]
[WhiteElo "2722"]
[BlackElo "2740"]
[PlyCount "90"]
[EventDate "2022.??.??"]

1. e4 e5 2. Nf3 Nc6 3. Bb5 a6 4. Ba4 Nf6 5. O-O Nxe4 6. d4 b5 7. Bb3 d5 8. dxe5
Be6 9. c3 Be7 10. Nbd2 Nc5 11. Bc2 d4 12. Nb3 d3 13. Bb1 Nxb3 14. axb3 Bf5 15.
Re1 O-O 16. Be3 Qd5 17. b4 Rfd8 18. Bd4 a5 19. bxa5 Rxa5 20. Rxa5 Nxa5 21. Bxd3
Bxd3 22. Qxd3 c5 23. Qxb5 cxd4 24. Qxd5 Rxd5 25. Nxd4 Nc4 26. Nc6 Bf8 27. b3
Rc5 28. bxc4 Rxc6 29. Re4 Bc5 30. g3 Ra6 31. Re2 Kf8 32. Kg2 Ra3 33. Rc2 Ra4
34. Rb2 Rxc4 35. Rb8+ Ke7 36. Rh8 h6 37. Rh7 Rxc3 38. f4 Rc2+ 39. Kf3 Rxh2 40.
Rxg7 Kf8 41. Rg4 h5 42. Rh4 Rxh4 43. gxh4 Bb4 44. f5 Be1 45. Kf4 Bxh4 0-1

[Event "Memorial Gashimov 2022 - Blitz"]
[Site "Baku"]
[Date "22.12.2022"]
[Round "B1"]
[White "Abdusattorov, Nodirbek"]
[Black "Vallejo Pons, Francisco"]
[Result "1-0"]
[WhiteElo "2713"]
[BlackElo "2716"]
[PlyCount "104"]
[EventDate "2022.??.??"]

1. c4 e6 2. Nc3 d5 3. d4 a6 4. cxd5 exd5 5. Nf3 c6 6. Bf4 Bd6 7. Bg3 Ne7 8. e3
O-O 9. Bd3 Bf5 10. O-O Bxd3 11. Qxd3 Bxg3 12. hxg3 Nd7 13. b4 b5 14. a4 Nb6 15.
Nd2 Qd6 16. a5 Nc4 17. Rfb1 Qg6 18. Qxg6 hxg6 19. Nb3 Nf5 20. Nc5 Rfe8 21. Ra2
f6 22. Re2 Kf7 23. Rbe1 Ra7 24. g4 Nfd6 25. f3 Nb7 26. Nd3 Raa8 27. Kf2 Rad8
28. Nb1 g5 29. Nd2 Re7 30. Nb3 Ncd6 31. Rc1 Nc4 32. Nbc5 Ra8 33. Rce1 Ncd6 34.
e4 dxe4 35. fxe4 Nxc5 36. bxc5 Nc4 37. d5 Ne5 38. Nb4 Nxg4+ 39. Kg3 Ne5 40. Rd1
Rc7 41. Rc2 Kg6 42. Rf1 Kf7 43. Rf5 Re7 44. d6 Re6 45. Re2 Ke8 46. Rf1 Kd7 47.
Rh1 Ree8 48. Rh7 Rg8 49. Rf2 Ke6 50. Rf5 Kd7 51. Rxf6 Rae8 52. Rf5 Ke6 1-0

[Event "Memorial Gashimov 2022 - Blitz"]
[Site "Baku"]
[Date "22.12.2022"]
[Round "B1"]
[White "Shankland, Sam"]
[Black "Suleymanli, Aydin"]
[Result "1-0"]
[WhiteElo "2710"]
[BlackElo "2543"]
[PlyCount "79"]
[EventDate "2022.??.??"]

1. c4 e5 2. g3 Nf6 3. Bg2 Bc5 4. Nc3 c6 5. Nf3 e4 6. Nh4 d5 7. cxd5 cxd5 8. O-O
h6 9. d3 g5 10. dxe4 gxh4 11. exd5 Nbd7 12. Bf4 Nh5 13. Qd2 Nxf4 14. Qxf4 Qf6
15. Qa4 O-O 16. Ne4 Qxb2 17. Rac1 b6 18. d6 Rb8 19. Qxa7 Bb7 20. Rb1 Qe5 21.
Nxc5 Nxc5 22. e3 h3 23. Bxb7 Rxb7 24. Qa3 Rd8 25. Rb4 Qd5 26. Rg4+ Kf8 27. e4
Qxd6 28. Qc3 Qd4 29. Qc1 Rd6 30. Rh4 Re7 31. Rxh6 Qxe4 32. Rxh3 Rg6 33. Rd1 Ne6
34. Qd2 Ng5 35. Qd8+ Re8 36. Rh8+ Kg7 37. Qxe8 Nh3+ 38. Kf1 Qh1+ 39. Ke2 Ng1+
40. Rxg1 1-0

[Event "Memorial Gashimov 2022 - Blitz"]
[Site "Baku"]
[Date "22.12.2022"]
[Round "B1"]
[White "Gadimbayli, Abdulla"]
[Black "Mamedov, Rauf"]
[Result "0-1"]
[WhiteElo "2524"]
[BlackElo "2646"]
[PlyCount "48"]
[EventDate "2022.??.??"]

1. e4 e5 2. Nf3 d6 3. Nc3 Nf6 4. d4 exd4 5. Qxd4 Be7 6. b3 O-O 7. Bb2 Nc6 8.
Qe3 Ng4 9. Qd2 Bf6 10. O-O-O Be6 11. Kb1 a5 12. h3 Nge5 13. Ne1 Nd7 14. f4 Nc5
15. Qe3 a4 16. e5 Be7 17. g4 axb3 18. axb3 Re8 19. Bg2 Nb4 20. f5 Bg5 21. Qd4
Nxc2 22. Nxc2 Bxb3 23. exd6 cxd6 24. Ne4 Ba2+ 0-1

[Event "Memorial Gashimov 2022 - Blitz"]
[Site "Baku"]
[Date "22.12.2022"]
[Round "B2"]
[White "Mamedyarov, Shakhriyar"]
[Black "Shankland, Sam"]
[Result "0-1"]
[WhiteElo "2740"]
[BlackElo "2710"]
[PlyCount "104"]
[EventDate "2022.??.??"]

1. d4 d5 2. c4 e6 3. Nc3 Nf6 4. cxd5 Nxd5 5. e4 Nxc3 6. bxc3 c5 7. Rb1 Be7 8.
Bb5+ Bd7 9. Bd3 cxd4 10. cxd4 Nc6 11. Nf3 Nb4 12. O-O O-O 13. Bc4 Rc8 14. Ne5
Rxc4 15. Nxc4 Bb5 16. Ba3 Bxc4 17. Bxb4 Bxf1 18. Kxf1 Bxb4 19. Rxb4 Qd6 20. Qa4
Qxh2 21. f3 Qh1+ 22. Kf2 Qh4+ 23. Kf1 Qe7 24. Rc4 b6 25. Qc6 g6 26. d5 exd5 27.
exd5 Rd8 28. Rd4 Qe5 29. Qc4 Kg7 30. Qd3 Rd6 31. a4 h5 32. Qd2 h4 33. f4 Qf6
34. Kg1 a6 35. Kh2 Qf5 36. Qc3 Kh7 37. Qe1 Rxd5 38. Qxh4+ Kg7 39. Rxd5 Qxd5 40.
Qf2 Qd6 41. g3 Qb4 42. Qe3 Qb2+ 43. Kh3 b5 44. Qb6 Qf6 45. Qa5 Qe6+ 46. Kh2
Qa2+ 47. Kh3 Qxa4 48. Qc3+ Kh7 49. Qf6 Qc4 50. f5 Qf1+ 51. Kh2 Qf2+ 52. Kh1
Qxf5 0-1

[Event "Memorial Gashimov 2022 - Blitz"]
[Site "Baku"]
[Date "22.12.2022"]
[Round "B2"]
[White "Vallejo Pons, Francisco"]
[Black "Rapport, Richard"]
[Result "0-1"]
[WhiteElo "2716"]
[BlackElo "2740"]
[PlyCount "162"]
[EventDate "2022.??.??"]

1. e4 c5 2. Nc3 g6 3. d4 cxd4 4. Qxd4 Nf6 5. Nf3 Nc6 6. Qa4 d6 7. e5 dxe5 8.
Nxe5 Bg7 9. Nxc6 bxc6 10. Bd3 O-O 11. O-O Qb6 12. Qb3 Qc7 13. h3 Rb8 14. Qc4
Be6 15. Qh4 Qa5 16. Rb1 Rb4 17. Qg5 Qc7 18. Bd2 h6 19. Qe3 Rh4 20. Qg3 Qxg3 21.
fxg3 Rd4 22. Be3 Rd7 23. Bf2 Rb8 24. b3 Ng4 25. hxg4 Bxc3 26. Be3 Bd4 27. Rbe1
Bxe3+ 28. Rxe3 Bxg4 29. Rf4 h5 30. Rc4 Rc7 31. Re5 Be6 32. Ra4 c5 33. Bxg6 Bxb3
34. axb3 fxg6 35. Re6 Rb6 36. Rxa7 Rxa7 37. Rxb6 Ra1+ 38. Kh2 Rc1 39. c4 Kf7
40. Rc6 Rc3 41. Rxc5 Rxb3 42. g4 hxg4 43. Rg5 Kf6 44. Rxg4 Rc3 45. Re4 e5 46.
g4 Ke6 47. Kg2 Kd6 48. Kf2 Rd3 49. Ke2 Rh3 50. Kd2 Rf3 51. Ke2 Rh3 52. Kf2 g5
53. Ke2 Rc3 54. Kf2 Rd3 55. Ke2 Rg3 56. Kf2 Rh3 57. Ke2 Rc3 58. Kf2 Ra3 59. Ke2
Ra8 60. Re3 Rf8 61. Rd3+ Ke6 62. Ra3 Rf4 63. Ra6+ Kd7 64. Kd3 Rd4+ 65. Kc3 Rxg4
66. Rg6 Rg1 67. Kd3 Ke7 68. Ke4 Kf7 69. Ra6 g4 70. Ra3 Kf6 71. Ra6+ Kg5 72. Ra8
Re1+ 73. Kd5 e4 74. c5 e3 75. Ke4 Kh4 76. Ra3 e2 77. Ke3 g3 78. Kf3 Rf1+ 79.
Kxe2 g2 80. Ra4+ Kg5 81. Ra8 g1=Q 0-1

[Event "Memorial Gashimov 2022 - Blitz"]
[Site "Baku"]
[Date "22.12.2022"]
[Round "B2"]
[White "Suleymanli, Aydin"]
[Black "Abdusattorov, Nodirbek"]
[Result "0-1"]
[WhiteElo "2543"]
[BlackElo "2713"]
[PlyCount "82"]
[EventDate "2022.??.??"]

1. c4 e6 2. Nc3 d5 3. d4 c5 4. e3 Nf6 5. Nf3 Nc6 6. a3 Ne4 7. Qc2 Nxc3 8. bxc3
Be7 9. Bb2 O-O 10. cxd5 exd5 11. Bd3 h6 12. dxc5 Bxc5 13. c4 d4 14. O-O-O Bg4
15. Kb1 Qb6 16. exd4 Bxa3 17. c5 Qa5 18. Bxa3 Qxa3 19. Qb2 Qxb2+ 20. Kxb2 Bxf3
21. gxf3 Nxd4 22. Be4 Ne6 23. Rd5 Rac8 24. Rc1 Rc7 25. Bf5 Nf4 26. Rd2 g6 27.
Bb1 Rfc8 28. Ba2 Rxc5 29. Rxc5 Rxc5 30. Rd7 Rf5 31. Bb1 Rf6 32. Ka3 Nh3 33.
Rxb7 Rxf3+ 34. Kb4 Rxf2 35. Kc5 Rxh2 36. Rxa7 Ng5 37. Kd6 Kg7 38. Ke5 Rf2 39.
Ra3 h5 40. Rg3 h4 41. Rg4 h3 0-1

[Event "Memorial Gashimov 2022 - Blitz"]
[Site "Baku"]
[Date "22.12.2022"]
[Round "B3"]
[White "Rapport, Richard"]
[Black "Suleymanli, Aydin"]
[Result "1-0"]
[WhiteElo "2740"]
[BlackElo "2543"]
[PlyCount "61"]
[EventDate "2022.??.??"]

1. e4 c6 2. Nc3 d5 3. Nf3 Bg4 4. Be2 e6 5. O-O Nf6 6. e5 Nfd7 7. d4 Bxf3 8.
Bxf3 c5 9. Nxd5 Nc6 10. Ne3 Nxd4 11. Bxb7 Rb8 12. c3 Rxb7 13. cxd4 cxd4 14. Nc4
Nb6 15. Nxb6 axb6 16. Qf3 Rc7 17. Rd1 Bc5 18. Qg3 O-O 19. Bh6 f5 20. exf6 Bd6
21. fxg7 Re8 22. Qh3 Rf7 23. Rac1 Qf6 24. Rc2 Bc5 25. Rd3 e5 26. Rf3 Qe6 27.
Rxf7 Qxf7 28. b4 Bxb4 29. Rc8 Bc5 30. Qf5 Rxc8 31. Qxc8+ 1-0

[Event "Memorial Gashimov 2022 - Blitz"]
[Site "Baku"]
[Date "22.12.2022"]
[Round "B3"]
[White "Wang, Hao"]
[Black "Mamedov, Rauf"]
[Result "1/2-1/2"]
[WhiteElo "2722"]
[BlackElo "2646"]
[PlyCount "79"]
[EventDate "2022.??.??"]

1. e4 c5 2. Nf3 Nc6 3. Bb5 g6 4. O-O Bg7 5. c3 Nf6 6. Re1 O-O 7. d4 d5 8. e5
Ne4 9. Bxc6 bxc6 10. Be3 Rb8 11. Qc1 cxd4 12. cxd4 f6 13. Nc3 Bf5 14. exf6 exf6
15. Nd2 Nxd2 16. Qxd2 Qa5 17. b3 Rfe8 18. Bf4 Rbc8 19. h4 Bf8 20. Na4 Bb4 21.
Rxe8+ Rxe8 22. Qb2 Bd3 23. a3 Bf8 24. Be3 h5 25. Rd1 Bf5 26. Qc1 Qb5 27. Qb2
Rb8 28. Nc5 Bxc5 29. dxc5 Qxb3 30. Qa1 Kf7 31. Bd4 Qxd1+ 32. Qxd1 Rb1 33. Qxb1
Bxb1 34. f3 g5 35. g3 Bc2 36. Kf2 Bd1 37. Ke3 gxh4 38. gxh4 Ke6 39. Kf4 a6 40.
Bc3 1/2-1/2

[Event "Memorial Gashimov 2022 - Blitz"]
[Site "Baku"]
[Date "22.12.2022"]
[Round "B3"]
[White "Abdusattorov, Nodirbek"]
[Black "Mamedyarov, Shakhriyar"]
[Result "0-1"]
[WhiteElo "2713"]
[BlackElo "2740"]
[PlyCount "90"]
[EventDate "2022.??.??"]

1. c4 Nf6 2. Nc3 e5 3. Nf3 Nc6 4. g3 d5 5. cxd5 Nxd5 6. Bg2 Bc5 7. O-O O-O 8.
d3 Nxc3 9. bxc3 h6 10. Nd2 Re8 11. Rb1 Bb6 12. a4 Be6 13. Ba3 Qd7 14. Nb3 Bh3
15. Bxh3 Qxh3 16. e4 Rad8 17. Qf3 Re6 18. Rbd1 Rf6 19. Qe2 a5 20. Nc5 Bxc5 21.
Bxc5 b6 22. Be3 Rfd6 23. f4 Qd7 24. f5 Rxd3 25. Rc1 f6 26. Rfe1 Qf7 27. Qg4 Kh8
28. Qh4 Kh7 29. Rc2 Qb3 30. Rce2 Rxc3 31. Bxh6 gxh6 32. Qxf6 Rd6 33. Qf8 Qg8
34. Qxg8+ Kxg8 35. Kg2 Kf7 36. g4 Nd4 37. Rf2 Nc2 38. Rg1 Ne3+ 39. Kh1 Rd1 40.
Rxd1 Nxd1 41. Rd2 Rd3 42. Rc2 c5 43. Kg1 Nc3 44. h4 Nxe4 45. Rb2 Rg3+ 0-1

[Event "Memorial Gashimov 2022 - Blitz"]
[Site "Baku"]
[Date "22.12.2022"]
[Round "B3"]
[White "Shankland, Sam"]
[Black "Gadimbayli, Abdulla"]
[Result "1/2-1/2"]
[WhiteElo "2710"]
[BlackElo "2524"]
[PlyCount "101"]
[EventDate "2022.??.??"]

1. c4 Nf6 2. g3 e6 3. Bg2 d5 4. Nf3 dxc4 5. Qa4+ Bd7 6. Qxc4 c5 7. Ne5 Qc8 8.
O-O Nc6 9. Nxd7 Qxd7 10. Nc3 Rc8 11. Qa4 a6 12. d3 Be7 13. Bg5 O-O 14. Rac1 h6
15. Bxf6 Bxf6 16. Ne4 Bxb2 17. Nxc5 Qe7 18. Rc2 b5 19. Qe4 Nd4 20. Rxb2 Qxc5
21. e3 Nf5 22. d4 Qa3 23. Qb1 Nd6 24. Rd1 Rc7 25. Rc2 Rxc2 26. Qxc2 Rc8 27. Qe2
Rc1 28. Rxc1 Qxc1+ 29. Bf1 Nc4 30. a4 Nd6 31. axb5 axb5 32. Qa2 Qc6 33. Qa3 Qb6
34. Qc5 Qb8 35. Qb4 g6 36. h4 h5 37. Bd3 Qb6 38. e4 Qc6 39. Qc5 Qd7 40. d5 e5
41. Qc6 Qxc6 42. dxc6 Kf8 43. c7 Ke7 44. Bxb5 Nc8 45. Bc4 Nd6 46. Kg2 Kd7 47.
Bd5 Kxc7 48. f4 exf4 49. e5 Nf5 50. gxf4 Nh6 51. Kf3 1/2-1/2